[Event "FICGS rapid A 000081 email"]
[Site "FICGS email"]
[Date "2010.04.14"]
[Round "1"]
[White "Casey, Bobby"]
[Black "De Silva, Dinesh"]
[Result "1-0"]
[WhiteElo "2000"]
[BlackElo "1909"]
[PlyCount "33"]
[EventDate "2010.??.??"]
[EventType "tourn (rapid)"]
[EventRounds "6"]
[SourceTitle "Corr 2013"]
[Source "ChessBase"]
[SourceDate "2012.11.12"]
[SourceVersion "1"]
[SourceVersionDate "2012.11.12"]
[SourceQuality "1"]

1. e4 c5 2. Nf3 d6 3. d4 cxd4 4. Nxd4 Nf6 5. Nc3 a6 6. h3 e5 7. Nde2 Be6 8. g4 Be7 9. Bg2 Nbd7 10. Ng3 Nb6 11. g5 Nfd7 12. Nf5 0-0 13. h4 g6 14. Nxe7+ Qxe7 15. b3 Rac8 16. Qd2 Nc5 17. Bb2 1-0